[Event "2. Bundesliga Mitte 2010/11"]
[Site "Wolfsberg"]
[Date "2011.04.09"]
[Round "10"]
[Board "4"]
[White "Leitner, Gerald"]
[Black "Enoeckl, Philipp"]
[Result "1/2-1/2"]
[WhiteElo "2215"]
[BlackElo "2285"]
[PlyCount "143"]
[EventDate "2010.10.16"]
[EventType "team"]
[EventRounds "11"]
[EventCountry "AUT"]
[WhiteTeam "RbEJ Gleisdorf"]
[BlackTeam "SV Steyregg"]

1.d4 Nf6 2.c4 g6 3.Nc3 Bg7 4.e4 d6 5.Nf3 O-O 6.h3 e5 7.d5 Na6 8.Bg5 Qe8 9.Be2
Nh5 10.g3 f5 11.exf5 gxf5 12.Qd2 Nc5 13.O-O-O a6 14.Bh6 Nf6 15.Bxg7 Kxg7 16.Nh4
Bd7 17.Bd3 Nfe4 18.Nxe4 fxe4 19.Bc2 Qh5 20.Rde1 Qh6 21.Rh2 b5 22.b4 Nd3+ 23.Bxd3
exd3 24.c5 a5 25.c6 Qxd2+ 26.Kxd2 Bf5 27.Nxf5+ Rxf5 28.Re4 axb4 29.Kxd3 Ra3+
30.Kc2 Rxa2+ 31.Kb3 Ra3+ 32.Kb2 Rd3 33.f4 Rxd5 34.Rc2 Rd3 35.Rxb4 exf4 36.gxf4
Rxh3 37.Re4 Kf6 38.Rce2 Rc5 39.Re8 Rxc6 40.Rf8+ Kg7 41.Rf5 Rc5 42.Re7+ Kg6
43.Rff7 Rf3 44.Rxh7 Rxf4 45.Rhg7+ Kf5 46.Rgf7+ Kg4 47.Rg7+ Rg5 48.Rxc7 Rxg7
49.Rxg7+ Kf5 50.Rb7 b4 51.Kb3 Ke5 52.Re7+ Kd5 53.Re8 Rd4 54.Rh8 Ke4 55.Rh4+ Ke3
56.Rh3+ Ke2 57.Rh2+ Kf3 58.Rh3+ Kf2 59.Rh2+ Kg3 60.Rh8 Kg4 61.Rf8 Kg5 62.Rf7 Kg6
63.Rf8 Kg5 64.Rf7 Rf4 65.Rd7 Rf6 66.Kxb4 Kf5 67.Kc4 Ke6 68.Rd8 Rf4+ 69.Kd3 Kd5
70.Rh8 Rf3+ 71.Kd2 Ra3 72.Rd8 1/2-1/2

[Event "2. Bundesliga Mitte 2010/11"]
[Site "Wolfsberg"]
[Date "2011.04.09"]
[Round "10"]
[Board "5"]
[White "Kubinger, Thomas"]
[Black "Sandner, Wolfgang"]
[Result "1/2-1/2"]
[WhiteElo "2227"]
[BlackElo "2234"]
[PlyCount "95"]
[EventDate "2010.10.16"]
[EventType "team"]
[EventRounds "11"]
[EventCountry "AUT"]
[WhiteTeam "SV Steyregg"]
[BlackTeam "RbEJ Gleisdorf"]

1.d4 d6 2.c4 g6 3.Nf3 Nf6 4.g3 Bg7 5.Bg2 O-O 6.O-O Nc6 7.Nc3 a6 8.d5 Na5 9.Nd2
c5 10.Qc2 Rb8 11.b3 b5 12.Rb1 Bh6 13.Nde4 Bg7 14.Nxf6+ exf6 15.Bd2 Bg4 16.Qd3
Re8 17.e3 Bf5 18.e4 Bd7 19.Rfe1 Qc7 20.Rec1 f5 21.f3 bxc4 22.bxc4 Rxb1 23.Rxb1
Rb8 24.Bf1 Rb4 25.Nd1 Ra4 26.Qc2 Ra3 27.Nc3 Bd4+ 28.Kh1 fxe4 29.Qb2 e3 30.Be1
Rxc3 31.Bxc3 Bxc3 32.Qxc3 Bf5 33.Re1 Nb7 34.Qxe3 Qa5 35.Qe8+ Kg7 36.Re7 Nd8
37.Kg1 h5 38.Ra7 Qc3 39.Qe2 Qd4+ 40.Qf2 Qa1 41.Rxa6 f6 42.Ra7+ Nf7 43.Kg2 Kg8
44.Qe3 Bh3+ 45.Kxh3 Qxf1+ 46.Kh4 g5+ 47.Kxh5 Qh3+ 48.Kg6 1/2-1/2

[Event "2. Bundesliga Mitte 2010/11"]
[Site "Wolfsberg"]
[Date "2011.04.10"]
[Round "11"]
[Board "1"]
[White "Rogulj, Branko"]
[Black "Stevic, Hrvoje"]
[Result "1/2-1/2"]
[WhiteElo "2412"]
[BlackElo "2607"]
[PlyCount "81"]
[EventDate "2010.10.16"]
[EventType "team"]
[EventRounds "11"]
[EventCountry "AUT"]
[WhiteTeam "UNION Styria Graz Kleine Zeitung"]
[BlackTeam "ZH-Technologies-Wolfsberg"]

1.e4 d5 2.exd5 Qxd5 3.Nc3 Qd6 4.d4 Nf6 5.Nf3 g6 6.g3 Bg7 7.Bg2 Qa6 8.Ne5 O-O
9.Be3 c6 10.Qe2 Qxe2+ 11.Nxe2 Nbd7 12.Nxd7 Bxd7 13.h3 Bf5 14.O-O-O Be4 15.f3 Bd5
16.b3 b5 17.Nf4 a5 18.g4 b4 19.h4 Rfc8 20.Kd2 Ne8 21.Ke2 Nc7 22.Kf2 a4 23.Nd3
Rcb8 24.Rd2 e6 25.h5 Rb6 26.Nc5 axb3 27.axb3 Nb5 28.h6 Bh8 29.Na4 Rbb8 30.Bf1
Nc3 31.Bf4 Rb7 32.Nc5 Rba7 33.Be5 f6 34.Bg3 f5 35.Bc4 fxg4 36.Bxd5 exd5 37.fxg4
Ra5 38.Kg2 Nb5 39.Ne6 Ra2 40.Rf1 Re8 41.Nc7 1/2-1/2

[Event "2. Bundesliga Mitte 2010/11"]
[Site "Wolfsberg"]
[Date "2011.04.10"]
[Round "11"]
[Board "2"]
[White "Jovanovic, Zoran"]
[Black "Danner, Georg"]
[Result "1-0"]
[WhiteElo "2520"]
[BlackElo "2422"]
[PlyCount "89"]
[EventDate "2010.10.16"]
[EventType "team"]
[EventRounds "11"]
[EventCountry "AUT"]
[WhiteTeam "ZH-Technologies-Wolfsberg"]
[BlackTeam "UNION Styria Graz Kleine Zeitung"]

1.e4 c5 2.Nf3 d6 3.d4 cxd4 4.Qxd4 a6 5.Be3 Nc6 6.Qd2 Nf6 7.Nc3 Bg4 8.O-O-O e6
9.h3 Bxf3 10.gxf3 b5 11.Ne2 Qc7 12.Nd4 Ne5 13.b3 d5 14.Bg2 Ba3+ 15.Kb1 O-O 16.f4
Nc4 17.bxc4 bxc4 18.exd5 exd5 19.c3 Rab8+ 20.Ka1 Bb2+ 21.Qxb2 Rxb2 22.Kxb2 Qa5
23.Ne2 Re8 24.Ka1 Ne4 25.Bxe4 dxe4 26.Rd4 g6 27.Rb1 Qf5 28.Ng3 Qxh3 29.Nxe4 Kg7
30.Ng5 Qc8 31.Rd6 h6 32.Bd4+ Kg8 33.Nf3 Qg4 34.Ne5 Qxf4 35.Nxc4 h5 36.Rf6 Qc7
37.Nd6 Re7 38.Rb7 Re1+ 39.Kb2 Re2+ 40.Kb3 Qc6 41.Rb8+ Kh7 42.Rh8+ Kxh8 43.Nxf7+
Kg7 44.Rxc6+ Kxf7 45.Rf6+ 1-0

[Event "2. Bundesliga Mitte 2010/11"]
[Site "Wolfsberg"]
[Date "2011.04.10"]
[Round "11"]
[Board "3"]
[White "Stagl, Marco"]
[Black "Steflitsch, Erich"]
[Result "0-1"]
[WhiteElo "2112"]
[BlackElo "2367"]
[PlyCount "79"]
[EventDate "2010.10.16"]
[EventType "team"]
[EventRounds "11"]
[EventCountry "AUT"]
[WhiteTeam "UNION Styria Graz Kleine Zeitung"]
[BlackTeam "ZH-Technologies-Wolfsberg"]

1.d4 d5 2.Nf3 Nf6 3.c4 e6 4.g3 dxc4 5.Bg2 c5 6.O-O Nc6 7.dxc5 Qxd1 8.Rxd1 Bxc5
9.Nbd2 c3 10.bxc3 O-O 11.Nb3 Be7 12.Nbd4 Bd7 13.Rb1 b6 14.Nb5 Rac8 15.Nd6 Bxd6
16.Rxd6 Rfd8 17.Bg5 Ne4 18.Bxd8 Nxd6 19.Rd1 Nxd8 20.Rxd6 Be8 21.Kf1 Kf8 22.Ke1
Ke7 23.Rd3 Bb5 24.Re3 Bc6 25.Kd2 Nb7 26.Nh4 Nd6 27.Rd3 Bxg2 28.Nxg2 Ne4+ 29.Kc2
Nxf2 30.Rd4 f5 31.Kb3 Ne4 32.c4 Rc5 33.Ne3 Re5 34.Kc2 Nxg3 35.Nd5+ exd5 36.hxg3
dxc4 37.Rxc4 Rc5 38.Kd3 Rxc4 39.Kxc4 h5 40.Kd4 0-1

[Event "2. Bundesliga Mitte 2010/11"]
[Site "Wolfsberg"]
[Date "2011.04.10"]
[Round "11"]
[Board "4"]
[White "Wegerer, Fred"]
[Black "Manhardt, Thomas"]
[Result "0-1"]
[WhiteElo "2218"]
[BlackElo "2121"]
[PlyCount "72"]
[EventDate "2010.10.16"]
[EventType "team"]
[EventRounds "11"]
[EventCountry "AUT"]
[WhiteTeam "ZH-Technologies-Wolfsberg"]
[BlackTeam "UNION Styria Graz Kleine Zeitung"]

1.d4 f5 2.Nc3 Nf6 3.Bg5 g6 4.f3 d5 5.Nh3 Be6 6.Qd3 c6 7.Qe3 Qd6 8.O-O-O Bg7
9.Bf4 Qd7 10.Bh6 Bxh6 11.Qxh6 Na6 12.Nf4 O-O-O 13.e4 dxe4 14.Bxa6 bxa6 15.Na4
Qd6 16.Nc5 Bd5 17.fxe4 Ng4 18.Qg5 h6 19.Qxg6 Qxf4+ 20.Kb1 fxe4 21.Ne6 Qd6
22.Qxg4 Qxe6 23.Qg3 Qd6 24.Qe1 Kd7 25.Qe2 Qb4 26.b3 Rb8 27.Qxa6 Rb7 28.Qe2 a5
29.Qg4+ Kc7 30.Qg3+ Qd6 31.Qc3 Rb5 32.a4 Rb4 33.Kc1 Qf4+ 34.Kb2 Qd6 35.Qh3 Rhb8
36.Qxh6 Qxh6 0-1

[Event "2. Bundesliga Mitte 2010/11"]
[Site "Wolfsberg"]
[Date "2011.04.10"]
[Round "11"]
[Board "5"]
[White "Schriebl, Alexander"]
[Black "Waldmann, Gerald"]
[Result "1/2-1/2"]
[WhiteElo "2072"]
[BlackElo "2212"]
[PlyCount "92"]
[EventDate "2010.10.16"]
[EventType "team"]
[EventRounds "11"]
[EventCountry "AUT"]
[WhiteTeam "UNION Styria Graz Kleine Zeitung"]
[BlackTeam "ZH-Technologies-Wolfsberg"]

1.d4 d5 2.Nf3 Nf6 3.g3 c6 4.Bg2 Bg4 5.c4 Nbd7 6.O-O e6 7.Nc3 Be7 8.Qb3 Qb6
9.Qxb6 axb6 10.cxd5 exd5 11.Ne5 Nxe5 12.dxe5 Nd7 13.h3 Be6 14.f4 d4 15.Ne4 Rxa2
16.Rxa2 Bxa2 17.Rd1 c5 18.Nd6+ Bxd6 19.exd6 Nf6 20.Bxb7 Kd7 21.e3 Bb3 22.Rd3 Bc4
23.Rd1 Bb3 24.Rd3 Bc4 25.Ra3 Re8 26.Bd2 dxe3 27.Bxe3 Kxd6 28.f5 Nd5 29.Bxd5 Kxd5
30.Kf2 Re7 31.Ra8 f6 32.Rb8 Kc6 33.b4 Ba6 34.Rxb6+ Kxb6 35.Bxc5+ Kc6 36.Bxe7 Kd5
37.Bf8 Ke4 38.Bxg7 Kxf5 39.Ke3 h5 40.h4 Ke5 41.Bf8 f5 42.Bg7+ Ke6 43.Kd4 Be2
44.Kc5 Kd7 45.Kb6 Kc8 46.Be5 Bf3 1/2-1/2

[Event "2. Bundesliga Mitte 2010/11"]
[Site "Wolfsberg"]
[Date "2011.04.10"]
[Round "11"]
[Board "6"]
[White "Toefferl, Heimo"]
[Black "Legenstein, Robert"]
[Result "1-0"]
[WhiteElo "2126"]
[BlackElo "2077"]
[PlyCount "75"]
[EventDate "2010.10.16"]
[EventType "team"]
[EventRounds "11"]
[EventCountry "AUT"]
[WhiteTeam "ZH-Technologies-Wolfsberg"]
[BlackTeam "UNION Styria Graz Kleine Zeitung"]

1.d4 Nf6 2.c4 e6 3.Nc3 Bb4 4.f3 d5 5.e3 O-O 6.a3 Bxc3+ 7.bxc3 c5 8.Bd3 Nc6 9.Ne2
dxc4 10.Bxc4 e5 11.d5 Na5 12.Ba2 e4 13.O-O c4 14.fxe4 Ng4 15.h3 Ne5 16.Qd4 Re8
17.Bd2 Bd7 18.Be1 Qg5 19.Ng3 g6 20.Kh2 b6 21.Rf4 Ba4 22.Nf5 Qd8 23.Nh6+ Kf8
24.Nxf7 Nxf7 25.Qh8+ Ke7 26.Rxf7+ Kxf7 27.Qxh7+ Kf8 28.Bh4 Qd6+ 29.Bg3 Qf6
30.Rf1 Qxf1 31.Bd6+ Re7 32.Bxe7+ Ke8 33.Bb4 Qf6 34.Qg8+ Kd7 35.Qxa8 Bc2 36.Qxa7+
Ke8 37.Qb8+ Kf7 38.Qf8# 1-0

[Event "2. Bundesliga Mitte 2010/11"]
[Site "Wolfsberg"]
[Date "2011.04.10"]
[Round "11"]
[Board "1"]
[White "Mohr, Georg"]
[Black "Lenic, Luka"]
[Result "1/2-1/2"]
[WhiteElo "2511"]
[BlackElo "2603"]
[PlyCount "48"]
[EventDate "2010.10.16"]
[EventType "team"]
[EventRounds "11"]
[EventCountry "AUT"]
[WhiteTeam "Strassenbahn Graz"]
[BlackTeam "SV Raika Rapid Feffernitz"]

1.e4 e5 2.Nf3 Nc6 3.Nc3 Nf6 4.g3 Bc5 5.Bg2 d6 6.d3 a6 7.O-O h6 8.Be3 Bxe3 9.fxe3
Ne7 10.Nh4 c6 11.Qd2 Be6 12.h3 Qc7 13.Kh2 d5 14.exd5 cxd5 15.Rf2 O-O-O 16.Raf1
Kb8 17.Qe1 Rhe8 18.Rd2 Qb6 19.Nd1 Qc7 20.Kh1 Qd7 21.Kh2 Qc7 22.Kh1 Qd7 23.Kh2
Qc7 24.Kh1 Qd7 1/2-1/2

[Event "2. Bundesliga Mitte 2010/11"]
[Site "Wolfsberg"]
[Date "2011.04.10"]
[Round "11"]
[Board "2"]
[White "Sebenik, Matej"]
[Black "Supancic, Darko"]
[Result "0-1"]
[WhiteElo "2516"]
[BlackElo "2354"]
[PlyCount "138"]
[EventDate "2010.10.16"]
[EventType "team"]
[EventRounds "11"]
[EventCountry "AUT"]
[WhiteTeam "SV Raika Rapid Feffernitz"]
[BlackTeam "Strassenbahn Graz"]

1.d4 g6 2.c4 Bg7 3.Nf3 Nf6 4.g3 O-O 5.Bg2 c6 6.Nc3 d6 7.O-O Bf5 8.Ne1 Be6 9.d5
Bd7 10.Qb3 Qc8 11.Nd3 Na6 12.dxc6 bxc6 13.Qa3 Rb8 14.c5 d5 15.Bf4 Ra8 16.Be5 Nc7
17.Qa5 Nce8 18.Rfe1 Bh3 19.Bh1 Bf5 20.Rad1 Bxd3 21.exd3 Qf5 22.f3 Qc8 23.b4 e6
24.d4 a6 25.Bg2 Bh6 26.g4 Nd7 27.Bg3 Bg5 28.Qa4 Qb7 29.Qb3 Bd8 30.a4 Bc7 31.f4
Ndf6 32.Bf3 Ng7 33.Rb1 Rab8 34.Qd1 Qc8 35.Qd3 h5 36.h3 Ra8 37.Kg2 Re8 38.Rb3
hxg4 39.hxg4 Qd7 40.Rh1 Bd8 41.Qd2 Ne4 42.Nxe4 dxe4 43.Bxe4 f5 44.gxf5 gxf5
45.Bf3 Bf6 46.Rh6 Kf7 47.Qe2 Rh8 48.Rxh8 Rxh8 49.Bf2 Rh6 50.Qxa6 Qc7 51.Bg3 Rg6
52.Bxc6 Qxf4 53.Qe2 Qxd4 54.a5 f4 55.a6 Nf5 56.a7 Nxg3 57.Be8+ Kg7 58.Qd3 f3+
59.Qxf3 Qd2+ 60.Kh3 Rh6+ 61.Bh5 Nxh5 62.Qb7+ Be7 63.Qxe7+ Kg6 64.Qe8+ Kh7
65.Qf7+ Ng7+ 66.Kg4 Qg2+ 67.Kf4 Rh4+ 68.Ke3 Rh3+ 69.Kf4 Rxb3 0-1

[Event "2. Bundesliga Mitte 2010/11"]
[Site "Wolfsberg"]
[Date "2011.04.10"]
[Round "11"]
[Board "3"]
[White "Krebs, Johann"]
[Black "Gostisa, Leon"]
[Result "0-1"]
[WhiteElo "2234"]
[BlackElo "2405"]
[PlyCount "118"]
[EventDate "2010.10.16"]
[EventType "team"]
[EventRounds "11"]
[EventCountry "AUT"]
[WhiteTeam "Strassenbahn Graz"]
[BlackTeam "SV Raika Rapid Feffernitz"]

1.d4 Nf6 2.c4 e6 3.Nc3 Bb4 4.Qc2 c5 5.dxc5 O-O 6.a3 Bxc5 7.Nf3 a6 8.Bg5 Be7 9.e3
d6 10.Be2 b6 11.O-O Bb7 12.Nd4 Nbd7 13.a4 Rc8 14.a5 Qc7 15.Rfc1 Qb8 16.Qd1 Rc5
17.Bh4 Rxa5 18.Rxa5 bxa5 19.Ra1 Bd8 20.Nb3 Ba8 21.Qc2 Nc5 22.Nxc5 dxc5 23.Bg3
Qc8 24.Bf3 Bxf3 25.gxf3 Qc6 26.Kg2 Bb6 27.Qa4 Rc8 28.Rd1 Qb7 29.Qb3 Qa7 30.Ne4
Nxe4 31.fxe4 f5 32.Rd6 Bd8 33.Qa4 Bf6 34.Rxe6 Qa8 35.f3 fxe4 36.Rxe4 Bxb2
37.Qxa5 Qc6 38.Re7 Rf8 39.Re4 Bf6 40.Qc7 Qxc7 41.Bxc7 Kf7 42.Bd6 Rc8 43.Kf1 a5
44.Rg4 Ke6 45.Bf4 a4 46.Rg2 a3 47.Ra2 Bb2 48.Ke2 Ra8 49.Kd3 Rf8 50.Ke2 Rxf4
51.exf4 Kf5 52.Ke3 g6 53.h3 h6 54.h4 h5 55.Ke2 Kxf4 56.Kf2 g5 57.hxg5 Kxg5
58.Kg3 h4+ 59.Kh3 Kf4 0-1

[Event "2. Bundesliga Mitte 2010/11"]
[Site "Wolfsberg"]
[Date "2011.04.10"]
[Round "11"]
[Board "4"]
[White "Diermair, Andreas"]
[Black "Pesorda, Ivan"]
[Result "1-0"]
[WhiteElo "2354"]
[BlackElo "2273"]
[PlyCount "37"]
[EventDate "2010.10.16"]
[EventType "team"]
[EventRounds "11"]
[EventCountry "AUT"]
[WhiteTeam "SV Raika Rapid Feffernitz"]
[BlackTeam "Strassenbahn Graz"]

1.Nf3 c5 2.c4 Nf6 3.Nc3 Nc6 4.g3 d5 5.d4 e6 6.cxd5 exd5 7.Bg2 Be7 8.O-O O-O
9.dxc5 Bxc5 10.Na4 Be7 11.Be3 Ne4 12.Rc1 Qa5 13.a3 Bd7 14.Nc3 Be6 15.Nd4 Nxc3
16.Rxc3 Bf6 17.Nxc6 bxc6 18.Bd4 Be7 19.Rxc6 1-0

[Event "2. Bundesliga Mitte 2010/11"]
[Site "Wolfsberg"]
[Date "2011.04.10"]
[Round "11"]
[Board "5"]
[White "Steiner, Stefan"]
[Black "Perhinig, Robert"]
[Result "1-0"]
[WhiteElo "2247"]
[BlackElo "2262"]
[PlyCount "47"]
[EventDate "2010.10.16"]
[EventType "team"]
[EventRounds "11"]
[EventCountry "AUT"]
[WhiteTeam "Strassenbahn Graz"]
[BlackTeam "SV Raika Rapid Feffernitz"]

1.Nf3 d5 2.c4 e6 3.d4 Nf6 4.g3 Be7 5.Bg2 O-O 6.O-O Nbd7 7.Qc2 dxc4 8.Qxc4 c5
9.Rd1 Nb6 10.Qc2 cxd4 11.Nxd4 Nbd5 12.e4 Nb4 13.Qe2 Bd7 14.Nc3 Qc8 15.a3 Nc6
16.e5 Ne8 17.Nb3 Nd8 18.Be3 Bc6 19.f3 Nc7 20.Rac1 b6 21.Nd4 Nd5 22.Nxd5 exd5
23.Nxc6 Nxc6 24.Qb5 1-0

[Event "2. Bundesliga Mitte 2010/11"]
[Site "Wolfsberg"]
[Date "2011.04.10"]
[Round "11"]
[Board "1"]
[White "Renner, Christoph"]
[Black "Pilaj, Herwig"]
[Result "0-1"]
[WhiteElo "2420"]
[BlackElo "2349"]
[PlyCount "62"]
[EventDate "2010.10.16"]
[EventType "team"]
[EventRounds "11"]
[EventCountry "AUT"]
[WhiteTeam "SPG Sauwald 1"]
[BlackTeam "SC Die Klagenfurter"]

1.d4 d5 2.Nf3 Nf6 3.c4 c6 4.Qc2 dxc4 5.Qxc4 Bf5 6.g3 e6 7.Bg2 Nbd7 8.O-O Be7
9.Nc3 O-O 10.Re1 Ne4 11.Bf4 Qb6 12.Nh4 Bxh4 13.gxh4 Nef6 14.e4 Bg6 15.Bd6 Rfe8
16.Rad1 e5 17.Na4 Qa5 18.Nc5 Nxc5 19.b4 Qa6 20.Qxc5 exd4 21.e5 Nd5 22.b5 Qxa2
23.bxc6 bxc6 24.Qxc6 Nf4 25.Bf1 d3 26.Qf3 Qc4 27.e6 Nxe6 28.h5 Nd4 29.Qg2 Ne2+
30.Bxe2 dxe2 31.Rc1 Qxc1 0-1

[Event "2. Bundesliga Mitte 2010/11"]
[Site "Wolfsberg"]
[Date "2011.04.10"]
[Round "11"]
[Board "2"]
[White "Genser, Harald"]
[Black "Testor, Sebastian"]
[Result "1-0"]
[WhiteElo "2281"]
[BlackElo "2365"]
[PlyCount "115"]
[EventDate "2010.10.16"]
[EventType "team"]
[EventRounds "11"]
[EventCountry "AUT"]
[WhiteTeam "SC Die Klagenfurter"]
[BlackTeam "SPG Sauwald 1"]

1.d4 e6 2.c4 Nf6 3.Nf3 b6 4.g3 Ba6 5.Qa4 c5 6.Bg2 Bb7 7.dxc5 Bxc5 8.O-O O-O
9.Nc3 Be7 10.Rd1 d6 11.Bf4 a6 12.Qb4 d5 13.Qa4 Qe8 14.Qxe8 Rxe8 15.Ne5 Rd8
16.cxd5 Nxd5 17.Nxd5 Bxd5 18.Bxd5 exd5 19.Rac1 Ra7 20.Rc2 f6 21.Nf3 Rad7 22.Nd4
Kf7 23.Bc7 Rc8 24.Bxb6 Rxc2 25.Nxc2 Rb7 26.Bd4 Nc6 27.Bc3 Ke6 28.Nd4+ Nxd4
29.Bxd4 Rc7 30.Rd3 Rc4 31.Bc3 Ra4 32.a3 Rc4 33.e3 Bd6 34.Kf1 g6 35.Ke2 Rc6
36.Kd2 Be5 37.Bd4 Bxd4 38.Rxd4 Ke5 39.Rb4 h5 40.f3 g5 41.Rb8 g4 42.Re8+ Kf5
43.e4+ dxe4 44.fxe4+ Kg6 45.Rg8+ Kf7 46.Rd8 Rc4 47.Rd5 Rxe4 48.Rxh5 Kg6 49.Rd5
Re6 50.b4 f5 51.a4 Kg5 52.Kc3 Re1 53.Rd2 Rb1 54.Rb2 Rxb2 55.Kxb2 f4 56.gxf4+
Kxf4 57.b5 axb5 58.a5 1-0

[Event "2. Bundesliga Mitte 2010/11"]
[Site "Wolfsberg"]
[Date "2011.04.10"]
[Round "11"]
[Board "3"]
[White "Taggatz, Mario"]
[Black "Petschar, Kurt"]
[Result "1/2-1/2"]
[WhiteElo "2331"]
[BlackElo "2304"]
[PlyCount "58"]
[EventDate "2010.10.16"]
[EventType "team"]
[EventRounds "11"]
[EventCountry "AUT"]
[WhiteTeam "SPG Sauwald 1"]
[BlackTeam "SC Die Klagenfurter"]

1.Nf3 d5 2.c4 c6 3.g3 Nf6 4.Bg2 Bg4 5.cxd5 Bxf3 6.Bxf3 cxd5 7.Nc3 e6 8.d3 Nc6
9.Qa4 Bc5 10.Bf4 O-O 11.O-O Rc8 12.Rfc1 Qb6 13.e3 d4 14.Nd1 dxe3 15.fxe3 e5
16.Bg5 h6 17.Rxc5 Qxc5 18.Bxf6 e4 19.Bd4 Nxd4 20.exd4 Qb6 21.Bxe4 Rfd8 22.Qb3
Qxd4+ 23.Kg2 Rd6 24.Nc3 Rb6 25.Qc2 Qb4 26.Qb3 Qxb3 27.axb3 Rxb3 28.Ra2 a6 29.Bd5
Rb6 1/2-1/2

[Event "2. Bundesliga Mitte 2010/11"]
[Site "Wolfsberg"]
[Date "2011.04.10"]
[Round "11"]
[Board "4"]
[White "Titz, Heimo"]
[Black "Hiermann, Dietmar"]
[Result "1/2-1/2"]
[WhiteElo "2225"]
[BlackElo "2287"]
[PlyCount "110"]
[EventDate "2010.10.16"]
[EventType "team"]
[EventRounds "11"]
[EventCountry "AUT"]
[WhiteTeam "SC Die Klagenfurter"]
[BlackTeam "SPG Sauwald 1"]

1.d4 d5 2.c4 e6 3.Nc3 Nf6 4.cxd5 exd5 5.Bg5 Be7 6.e3 c6 7.Qc2 Bg4 8.Bd3 Nbd7
9.Nge2 Bh5 10.Ng3 Bg6 11.Nf5 Bxf5 12.Bxf5 g6 13.Bd3 Nh5 14.Bxe7 Qxe7 15.O-O O-O
16.Rfe1 Ng7 17.f3 Ne6 18.Qf2 f5 19.Rad1 Qg7 20.Bf1 Rae8 21.Qd2 Nb6 22.a4 Qd7
23.b3 Rd8 24.Na2 Rfe8 25.Nc1 Qd6 26.Nd3 Nd7 27.Qb4 Qxb4 28.Nxb4 Kf7 29.Nd3 Kf6
30.f4 Ke7 31.b4 a6 32.Nc5 Rb8 33.a5 Kd6 34.Bd3 Nf6 35.h3 Re7 36.Re2 Rbe8 37.Kf2
Nd8 38.Kf3 Ne6 39.g4 fxg4+ 40.hxg4 Nxc5 41.bxc5+ Kc7 42.g5 Ne4 43.Bxe4 Rxe4
44.Rh1 R4e7 45.Rh3 Kd7 46.Kg4 Rf8 47.Rh1 Rff7 48.Rb1 Ke8 49.Kf3 Re4 50.Rb3 Kd8
51.Reb2 Kc8 52.Rh2 Ree7 53.Kg4 Kd8 54.Rf2 Rf5 55.Rh2 Rff7 1/2-1/2

[Event "2. Bundesliga Mitte 2010/11"]
[Site "Wolfsberg"]
[Date "2011.04.10"]
[Round "11"]
[Board "5"]
[White "Kirschner, Alexander"]
[Black "Wertjanz, David"]
[Result "1/2-1/2"]
[WhiteElo "2260"]
[BlackElo "2209"]
[PlyCount "120"]
[EventDate "2010.10.16"]
[EventType "team"]
[EventRounds "11"]
[EventCountry "AUT"]
[WhiteTeam "SPG Sauwald 1"]
[BlackTeam "SC Die Klagenfurter"]

1.c4 Nf6 2.Nc3 e5 3.Nf3 Nc6 4.g3 Bc5 5.Bg2 d6 6.O-O O-O 7.d3 h6 8.Bd2 a5 9.Rc1
Bf5 10.Nd5 Nxd5 11.cxd5 Ne7 12.Nxe5 Bxf2+ 13.Rxf2 dxe5 14.Qc2 c6 15.dxc6 bxc6
16.Qa4 Be6 17.Be3 Bd5 18.Bh3 Ng6 19.Bc5 Qg5 20.e3 Rfb8 21.b3 Rb5 22.Qa3 e4
23.Bf1 Rb7 24.Bd4 Nh4 25.dxe4 Bxe4 26.Be2 Nf5 27.Rc5 Bd5 28.Rxa5 Re8 29.Ra8 Rbe7
30.Rxe8+ Rxe8 31.Qc5 h5 32.Bf3 h4 33.Bxd5 cxd5 34.Qxd5 g6 35.Qf3 Rc8 36.Bb2 h3
37.Qf4 Qe7 38.e4 Nd6 39.Qh6 f6 40.Bxf6 Qh7 41.Qf4 Qd7 42.Bb2 Qe7 43.Qh6 Qh7
44.Qd2 Qe7 45.Qd5+ Kh7 46.e5 Nf5 47.Qf3 Qa7 48.g4 Nh4 49.Qxh3 g5 50.Qd3+ Kh6
51.Qd6+ Ng6 52.Bd4 Rc1+ 53.Rf1 Rxf1+ 54.Kxf1 Qxa2 55.Bf2 Qb1+ 56.Be1 Qxb3 57.Qd4
Nf4 58.Qd6+ Ng6 59.Qd4 Nf4 60.Qd6+ Ng6 1/2-1/2

[Event "2. Bundesliga Mitte 2010/11"]
[Site "Wolfsberg"]
[Date "2011.04.10"]
[Round "11"]
[Board "6"]
[White "Jakits, Leopold"]
[Black "Niederwieser, Peter"]
[Result "0-1"]
[WhiteElo "1979"]
[BlackElo "2194"]
[PlyCount "47"]
[EventDate "2010.10.16"]
[EventType "team"]
[EventRounds "11"]
[EventCountry "AUT"]
[WhiteTeam "SC Die Klagenfurter"]
[BlackTeam "SPG Sauwald 1"]

1.e4 e6 2.d4 d5 3.exd5 exd5 4.Bd3 Nc6 5.c3 Bd6 6.Ne2 Qf6 7.Qb3 Nge7 8.Nd2 Bd7
9.Nf3 h6 10.Be3 O-O-O 11.O-O-O Bf5 12.Qc2 Bxd3 13.Qxd3 Nf5 14.Rhe1 Rhe8 15.Kb1
Nxe3 16.fxe3 Re6 17.Nc1 Rde8 18.Re2 g5 19.Rf1 Qg6 20.Qxg6 fxg6 21.Rfe1 g4 22.Nd2
Bxh2 23.e4 Bf4 24.e5 0-1

[Event "2. Bundesliga Mitte 2010/11"]
[Site "Wolfsberg"]
[Date "2011.04.10"]
[Round "11"]
[Board "2"]
[White "Schachinger, Mario"]
[Black "Sandhoefner, Florian"]
[Result "0-1"]
[WhiteElo "2356"]
[BlackElo "2243"]
[PlyCount "162"]
[EventDate "2010.10.16"]
[EventType "team"]
[EventRounds "11"]
[EventCountry "AUT"]
[WhiteTeam "SK MPOE Maria Saal"]
[BlackTeam "ASK St. Valentin"]

1.d4 Nf6 2.Nf3 g6 3.c4 Bg7 4.Nc3 O-O 5.g3 d6 6.Bg2 Nbd7 7.O-O e5 8.e4 c6 9.h3
Re8 10.Be3 a6 11.dxe5 dxe5 12.Qc2 Qe7 13.Rfd1 b5 14.Nd2 Bb7 15.Nb3 Rac8 16.c5
Nf8 17.Na5 Ba8 18.b4 Rcd8 19.Ne2 Ne6 20.Rxd8 Rxd8 21.Rd1 Ne8 22.h4 Rd7 23.Bh3
N8c7 24.Rxd7 Qxd7 25.Qd2 Qxd2 26.Bxd2 Kf8 27.f3 Ke7 28.Kf2 Bf6 29.Ke3 Ke8 30.Bc3
Ke7 31.Kd3 Ne8 32.Bg4 Bg7 33.f4 f6 34.Bh3 N8c7 35.fxe5 fxe5 36.Ng1 Nd8 37.Bd2
Nf7 38.Nf3 Bf6 39.Bg4 Ne6 40.Be3 Nc7 41.Ng1 Ne6 42.Bd1 Ned8 43.Bb3 Bb7 44.Nxb7
Nxb7 45.Bd1 Nbd8 46.Bg4 Ne6 47.Nf3 Nc7 48.Nd2 Ne6 49.Nb3 Nfd8 50.Na5 Kf7 51.Bd2
Ke7 52.Bc3 Kf7 53.Nb3 Ke7 54.Nd2 Nf7 55.Nf3 Kd7 56.Bd2 Ke7 57.Bh3 Bg7 58.Be3 Bf6
59.Bg4 Bg7 60.h5 Bf6 61.hxg6 hxg6 62.Nh4 Nh8 63.Bd1 Kd7 64.Bb3 Ke7 65.Ke2 Bg7
66.Kf3 Bf6 67.Kg4 Bg7 68.Bg5+ Kd7 69.Nf3 Nf7 70.Bd2 Ke7 71.Nh4 Nh8 72.Bg5+ Kd7
73.Nf3 Nf7 74.Bc1 Bf6 75.Nh4 Bxh4 76.gxh4 Ke7 77.Be3 Kf6 78.h5 gxh5+ 79.Kxh5
Nf4+ 80.Kg4 Nd3 81.a3 Nb2 {and with was flaged!} 0-1

[Event "2. Bundesliga Mitte 2010/11"]
[Site "Wolfsberg"]
[Date "2011.04.10"]
[Round "11"]
[Board "3"]
[White "Kranzl, Peter"]
[Black "Horvath, Gabor"]
[Result "1-0"]
[WhiteElo "2256"]
[BlackElo "2306"]
[PlyCount "77"]
[EventDate "2010.10.16"]
[EventType "team"]
[EventRounds "11"]
[EventCountry "AUT"]
[WhiteTeam "ASK St. Valentin"]
[BlackTeam "SK MPOE Maria Saal"]

1.e4 c5 2.c3 d6 3.d4 Nf6 4.dxc5 Nc6 5.f3 d5 6.exd5 Qxd5 7.Qxd5 Nxd5 8.Bc4 e6
9.Bxd5 exd5 10.Be3 Ne5 11.b4 a5 12.Bd4 Nd3+ 13.Kd2 Bf5 14.a3 Nb2 15.Nh3 Bxh3
16.gxh3 Kd7 17.Kc2 Nc4 18.Nd2 Nxd2 19.Kxd2 Rg8 20.Kd3 Be7 21.Rhg1 g6 22.c4 dxc4+
23.Kxc4 Rge8 24.Rad1 Kc8 25.Rge1 Ra6 26.b5 Re6 27.Rxe6 fxe6 28.Re1 Bg5 29.Bc3
Rf8 30.Rxe6 Rxf3 31.Re8+ Kd7 32.Rb8 Rf4+ 33.Kd3 Rf3+ 34.Kc2 Rxh3 35.Rxb7+ Kc8
36.c6 Rxh2+ 37.Kb3 Rh3 38.Kc4 a4 39.Be5 1-0

[Event "2. Bundesliga Mitte 2010/11"]
[Site "Wolfsberg"]
[Date "2011.04.10"]
[Round "11"]
[Board "4"]
[White "Ertl, Johann"]
[Black "Tober, Gerhard"]
[Result "1/2-1/2"]
[WhiteElo "2280"]
[BlackElo "2284"]
[PlyCount "60"]
[EventDate "2010.10.16"]
[EventType "team"]
[EventRounds "11"]
[EventCountry "AUT"]
[WhiteTeam "SK MPOE Maria Saal"]
[BlackTeam "ASK St. Valentin"]

1.e4 c5 2.Nf3 Nc6 3.d4 cxd4 4.Nxd4 e5 5.Nb5 d6 6.N1c3 a6 7.Na3 Be6 8.Nc4 b5
9.Ne3 Nf6 10.g3 Be7 11.Bg2 O-O 12.O-O Qb6 13.Ned5 Bxd5 14.Be3 Qc7 15.Nxd5 Nxd5
16.Qxd5 Nd4 17.Bxd4 exd4 18.Qxd4 Bf6 19.Qb4 a5 20.Qb3 Rab8 21.Rab1 Rfc8 22.Rfc1
Qc5 23.Qd5 Qxd5 24.exd5 b4 25.Be4 g6 26.Rd1 Rc4 27.f3 Rd4 28.Rxd4 Bxd4+ 29.Kf1
Re8 30.g4 Kf8 1/2-1/2